000 00591nam a2200205Ia 4500
001 9527
003 GE_BSU
008 181216s||||||||xx |||||||||||||| ||und||
040 _cGE_BSU
080 _a821.353.1–1
100 _aმარიჯან
245 _aისევ ლექსებით
245 _cრედ.ალ.ადამია.მხტვ.ირ.ჯანაშვილი
260 _aთბილისი
260 _bმერანი
260 _c1969
300 _a147გვ.17სმ
653 _aისევ ლექსებით
942 _cBK
999 _c42821
_d42821